| 000 | 00856nam a2200277Ia 4500 | ||
|---|---|---|---|
| 001 | Para_8491 | ||
| 003 | CHAP | ||
| 008 | 220125s9999 xx 000 0 und d | ||
| 010 | _a207314 | ||
| 040 | _cCHAP | ||
| 082 | _aPA-C 595.752 | ||
| 100 |
_aDavidson, J. _9171040 |
||
| 245 |
_aThe biological and ecological aspect of migration in aphides / _c by J. Davidson |
||
| 300 | _a31 p. | ||
| 440 |
_aAphidae; 16 _9173876 |
||
| 500 | _aSobretiro de: Sc. Prog. 85: 641-658 y 57-69, 1927. Encuadernado con otros impresos similares | ||
| 650 |
_a _x Afididos _x Colecciones de escritos _x Migración de insectos _9173896 |
||
| 710 |
_aScience Progres 85 _9173897 |
||
| 901 | _aPA-C 595.752 | ||
| 902 | _aA | ||
| 905 | _a000000 0000000000 00 | ||
| 910 | _a | ||
| 942 | _cPARA | ||
| 942 |
_cPARA _d1 |
||
| 999 |
_c207314 _d207314 |
||